| 000 | 00788nac a22002051u 4500 | ||
|---|---|---|---|
| 082 |
_a603 _bWAH |
||
| 090 |
_c6299 _d6299 |
||
| 100 | _aAbd El Wahed, Anwar Ma | ||
| 245 |
_aTechnical dictionary. Welding engineering: _bEnglish-French-German-Arabic/ _ccompiled and revised by Anwar Mahmoud Abd El Wahed |
||
| 260 |
_aLeipzig; Cairo: _bAl-Ahram,1982 _c1982 |
||
| 300 |
_a126.217 p.: _bill.; _c22 cm. |
||
| 440 | _aAl Maajim Al Technoloziyah Al Takhassusiyah | ||
| 500 | _adistributer: Al-Ahram | ||
| 511 | _acatalogued by: wessam | ||
| 650 |
_aTechnology _vDictionaries Arabic |
||
| 650 |
_aTechnology _vDictionaries French |
||
| 650 |
_aTechnology _vDictionaries German |
||
| 942 |
_cNB _k603WAH |
||
| 999 |
_c6299 _d6299 |
||